000 00432nam a2200133Ia 4500
003 GCL
008 140319s9999 xx 000 0 ara d
040 _aGCL /
_cGCL
082 0 4 _a219.1
_bع ف
245 1 0 _aفقة النساء فى الحيض 0الاستحاضة 0 النفاس 0 السقط 0 الولادة الجراحية
260 _a[S.N] :
_bمكتبة التراث الاسلامى ،
_c1990
300 _a190 ص
490 _a
999 _c28774
_d28774